00401 2200169 4500245003800000020001800038250001100056100001700067700002300084650001700107005001900124260003000143041001400173084000800187300002700195336000900222 aLove is CintacMoammar EmkahText a979-780-122-5 aCet. 1 aMoammar Emka aChristian Simamora aNovel Remaja a20230126145414 aJakartabGagasMediac2007 aIndonesia a813 aii, 116 hlm. :c19 cm. atext